000 00207 a2200097 4500
001 42488
100 _aPivka
245 _aThe Armies of Europe to day
260 _aLondon
_bOsprey
_c
090 _c26401
_d26401
942 _aNUST-CAE
_cM
_c18227
999 _c277561
_d277561